[Event "Toronto Hart House Holidays op"]
[Site "Toronto"]
[Date "2014.12.21"]
[Round "5"]
[White "Krnan, Tomas"]
[Black "Vavrak, Peter"]
[Result "1/2-1/2"]
[WhiteElo "2542"]
[BlackElo "2506"]
[PlyCount "23"]
[EventDate "2014.12.19"]
[EventType "swiss"]
[EventRounds "5"]
[EventCountry "CAN"]
[SourceTitle "EXT 2022"]
[Source "ChessBase"]
[SourceDate "2021.10.06"]
[SourceVersion "1"]
[SourceVersionDate "2021.10.06"]
[SourceQuality "1"]

1. e4 e6 2. d4 d5 3. Nc3 Bb4 4. exd5 exd5 5. Bd3 Nc6 6. a3 Bxc3+ 7. bxc3 Nge7 8. Qh5 Be6 9. Rb1 b6 10. Nf3 Qd7 11. Ng5 0-0-0 12. Nxe6 1/2-1/2

[Event "Toronto Labour Day op"]
[Site "Toronto"]
[Date "2012.09.02"]
[Round "4"]
[White "Samsonkin, Artiom"]
[Black "Vavrak, Peter"]
[Result "1/2-1/2"]
[WhiteElo "2555"]
[BlackElo "2486"]
[PlyCount "82"]
[EventDate "2012.09.01"]
[EventType "swiss"]
[EventRounds "6"]
[EventCountry "CAN"]
[SourceTitle "EXT 2022"]
[Source "ChessBase"]
[SourceDate "2021.10.06"]
[SourceVersion "1"]
[SourceVersionDate "2021.10.06"]
[SourceQuality "1"]

1. e4 e6 2. d4 d5 3. Nc3 Bb4 4. e5 c5 5. a3 Ba5 6. b4 cxd4 7. Nb5 Bc7 8. f4 Bd7 9. Nxc7+ Qxc7 10. Nf3 Ba4 11. Bd3 Ne7 12. 0-0 Nbc6 13. Qe1 a6 14. Rf2 Bb5 15. Bd2 Qb6 16. a4 Bxd3 17. cxd3 Nf5 18. Rb1 0-0 19. h3 f6 20. exf6 Rxf6 21. g4 Ne3 22. b5 axb5 23. axb5 Ne7 24. Nxd4 Qxd4 25. Qxe3 Qxe3 26. Bxe3 Ra4 27. f5 exf5 28. Bc5 Ng6 29. Rxf5 Rxf5 30. gxf5 Ne5 31. d4 Nf3+ 32. Kf2 Nxd4 33. Rd1 Nxb5 34. Rxd5 h6 35. Kf3 Rc4 36. Bb6 Nc3 37. Rd7 Ne4 38. Bd4 Ng5+ 39. Ke3 Nf7 40. Rxb7 Nd6 41. Rxg7+ Kf8 1/2-1/2

[Event "Toronto Hart House Reading Week op"]
[Site "Toronto"]
[Date "2012.02.18"]
[Round "3"]
[White "Vavrak, Peter"]
[Black "Kleinman, Michael"]
[Result "1-0"]
[WhiteElo "2498"]
[BlackElo "2407"]
[PlyCount "53"]
[EventDate "2012.02.18"]
[EventType "swiss"]
[EventRounds "6"]
[EventCountry "CAN"]
[SourceTitle "EXT 2022"]
[Source "ChessBase"]
[SourceDate "2021.10.06"]
[SourceVersion "1"]
[SourceVersionDate "2021.10.06"]
[SourceQuality "1"]

1. d4 Nf6 2. c4 g6 3. g3 c6 4. d5 cxd5 5. cxd5 d6 6. Bg2 Bg7 7. Nc3 0-0 8. Nf3 Na6 9. 0-0 Bg4 10. Nd4 Qd7 11. Re1 Bh3 12. Bh1 Rfc8 13. e4 Rc4 14. Ndb5 Ng4 15. Qe2 Qc8 16. Bg5 Kf8 17. Rac1 Rc5 18. Bg2 Bxg2 19. Kxg2 Bxc3 20. bxc3 Rc4 21. h3 Ne5 22. f4 Nd7 23. Nd4 Rc5 24. Qb2 Rc7 25. c4 Ndc5 26. Nf5 e5 27. dxe6 1-0

[Event "BL2-Ost 1011"]
[Site "Germany"]
[Date "2011.03.20"]
[Round "8.1"]
[White "Vavrak, Peter"]
[Black "Socko, Bartosz"]
[Result "1/2-1/2"]
[WhiteElo "2466"]
[BlackElo "2657"]
[PlyCount "98"]
[EventDate "2010.10.10"]
[EventType "team-tourn"]
[EventRounds "9"]
[EventCountry "GER"]
[SourceTitle "EXT 2012"]
[Source "ChessBase"]
[SourceDate "2011.11.24"]
[SourceVersion "1"]
[SourceVersionDate "2011.11.24"]
[SourceQuality "1"]
[WhiteTeam "Muenchen Tarrasch"]
[BlackTeam "Dresden TU"]
[WhiteTeamCountry "GER"]
[BlackTeamCountry "GER"]

1. d4 Nf6 2. c4 e6 3. Nf3 d5 4. e3 c5 5. Nc3 dxc4 6. Bxc4 a6 7. dxc5 Qxd1+ 8. Kxd1 Bxc5 9. Ke2 Nbd7 10. a3 b5 11. Bd3 Bb7 12. b4 Bd6 13. Bd2 Ke7 14. a4 bxa4 15. Rxa4 Nb6 16. Ra2 Bxb4 17. Na4 Bxf3+ 18. Kxf3 Nbd5 19. Rb1 Bxd2 20. Rb7+ Nd7 21. Nc5 Rhd8 22. Rxd2 Kd6 23. Nxd7 Rxd7 24. Rxd7+ Kxd7 25. e4 Nf6 26. Bxa6+ Ke7 27. Bb5 Ra3+ 28. Rd3 Rxd3+ 29. Bxd3 e5 30. Bb5 h6 31. Ba4 Ng8 32. Ke3 Kf6 33. g3 Ne7 34. f4 g5 35. Bb3 Ng6 36. fxg5+ hxg5 37. Bd1 Ne7 38. Kf3 Kg6 39. h4 Ng8 40. Bb3 Nf6 41. hxg5 Nh7 42. Kg4 Nxg5 43. Bd5 Kf6 44. Kh5 Nf3 45. g4 Ng5 46. Kh6 Nh3 47. Bb7 Ng5 48. Bd5 Nf3 49. Bb7 Ng5 1/2-1/2

[Event "AUT-chT 1011"]
[Site "Austria"]
[Date "2011.01.20"]
[Round "4.2"]
[White "Vavrak, Peter"]
[Black "Buhmann, Rainer"]
[Result "1/2-1/2"]
[WhiteElo "2466"]
[BlackElo "2577"]
[PlyCount "111"]
[EventDate "2010.11.19"]
[EventType "team-tourn"]
[EventRounds "11"]
[EventCountry "AUT"]
[SourceTitle "EXT 2012"]
[Source "ChessBase"]
[SourceDate "2011.11.24"]
[SourceVersion "1"]
[SourceVersionDate "2011.11.24"]
[SourceQuality "1"]
[WhiteTeam "Lackenbach"]
[BlackTeam "Maria Saal"]
[WhiteTeamCountry "AUT"]
[BlackTeamCountry "AUT"]

1. d4 d5 2. c4 c6 3. Nf3 Nf6 4. cxd5 cxd5 5. Nc3 Nc6 6. Bf4 a6 7. Rc1 Nh5 8. Be5 f6 9. Bg3 e5 10. e3 e4 11. Ng1 Nxg3 12. hxg3 Be6 13. Nh3 g5 14. Be2 Bd6 15. Bh5+ Kf8 16. 0-0 Kg7 17. f3 exf3 18. Qxf3 Rf8 19. Nxd5 f5 20. Nc3 Kh8 21. Qd1 Bc4 22. Be2 Bg8 23. Bd3 Qe7 24. Qd2 Rae8 25. d5 Ne5 26. Rxf5 Nc4 27. Qe2 Rxf5 28. Bxf5 Nxe3 29. Be6 Bxe6 30. dxe6 Qxe6 31. Nxg5 Qg6 32. Nce4 Rxe4 33. Nxe4 Qxe4 34. Rc3 Be5 35. Rxe3 Bd4 36. Kf2 Qe5 37. b3 Qc5 38. Qd3 Kg7 39. Ke2 Bxe3 40. Qxe3 Qc2+ 41. Qd2 Qe4+ 42. Kf2 Qf5+ 43. Qf4 Qc2+ 44. Kf3 Qd1+ 45. Ke3 Qc1+ 46. Kd3 Qb1+ 47. Kc3 Qa1+ 48. Kd3 Qb1+ 49. Ke3 Qe1+ 50. Kd4 Qg1+ 51. Ke5 Qxg2 52. Qg5+ Kf7 53. Qf6+ Kg8 54. Qd8+ Kg7 55. Qc7+ Kg6 56. Qd6+ 1/2-1/2

[Event "SVK-chT 1011"]
[Site "Slovakia"]
[Date "2011.01.16"]
[Round "4.3"]
[White "Vavrak, Peter"]
[Black "Czebe, Attila"]
[Result "1/2-1/2"]
[WhiteElo "2466"]
[BlackElo "2487"]
[PlyCount "102"]
[EventDate "2010.11.27"]
[EventType "team-tourn"]
[EventRounds "11"]
[EventCountry "SVK"]
[SourceTitle "EXT 2012"]
[Source "ChessBase"]
[SourceDate "2011.11.24"]
[SourceVersion "1"]
[SourceVersionDate "2011.11.24"]
[SourceQuality "1"]
[WhiteTeam "Bratislava Slovan"]
[BlackTeam "Dunajska Streda"]
[WhiteTeamCountry "SVK"]
[BlackTeamCountry "SVK"]

1. d4 d5 2. c4 c6 3. Nf3 Nf6 4. Nc3 e6 5. e3 Nbd7 6. Qc2 Bd6 7. b3 0-0 8. Be2 b6 9. 0-0 Bb7 10. Bb2 Qe7 11. Rac1 Rad8 12. Rfd1 Rfe8 13. Bf1 h6 14. g3 dxc4 15. bxc4 c5 16. Bg2 cxd4 17. exd4 Rc8 18. Qb3 Ne4 19. Nb5 Bb8 20. Re1 Red8 21. Re2 Ndf6 22. a4 a6 23. Na3 Bd6 24. a5 b5 25. cxb5 Bd5 26. Qd3 Rxc1+ 27. Bxc1 Qc7 28. Rc2 Qxa5 29. bxa6 Rb8 30. Rb2 Ra8 31. Nb5 Qxa6 32. Bf1 Qc6 33. Rc2 Qb7 34. Rb2 Qa6 35. Nxd6 Qxd3 36. Bxd3 Nxd6 37. Ne5 Nfe4 38. g4 f6 39. Ng6 Kf7 40. Nf4 Ra1 41. Rb1 Rxb1 42. Bxb1 Bc4 43. f3 Nc3 44. Bg6+ Ke7 45. Kf2 Ndb5 46. Bd2 Ba2 47. h4 Bb1 48. Bxb1 Nxb1 49. Bb4+ Kf7 50. d5 e5 51. d6 Nxd6 1/2-1/2

[Event "AUT-chT 1011"]
[Site "Austria"]
[Date "2010.11.20"]
[Round "2.4"]
[White "Vavrak, Peter"]
[Black "Schlosser, Philipp"]
[Result "0-1"]
[WhiteElo "2466"]
[BlackElo "2567"]
[PlyCount "99"]
[EventDate "2010.11.19"]
[EventType "team-tourn"]
[EventRounds "11"]
[EventCountry "AUT"]
[SourceTitle "EXT 2011"]
[Source "ChessBase"]
[SourceDate "2010.11.26"]
[SourceVersion "1"]
[SourceVersionDate "2010.11.26"]
[SourceQuality "1"]
[WhiteTeam "Lackenbach"]
[BlackTeam "Jenbach"]
[WhiteTeamCountry "AUT"]
[BlackTeamCountry "AUT"]

1. d4 Nf6 2. c4 e6 3. Nf3 b6 4. g3 Ba6 5. Qc2 Bb7 6. Bg2 c5 7. 0-0 cxd4 8. Nxd4 Bxg2 9. Kxg2 Be7 10. Rd1 0-0 11. b3 Qc7 12. Qd3 Nc6 13. Bb2 Ne5 14. Qd2 a6 15. Nc3 Qb7+ 16. Kg1 Rfd8 17. Qe3 d6 18. Rac1 Rac8 19. Ba3 Bf8 20. Bb2 Rd7 21. a4 Nc6 22. Nxc6 Rxc6 23. Ne4 Nxe4 24. Qxe4 b5 25. axb5 axb5 26. Qd4 bxc4 27. bxc4 Rdc7 28. Ba3 Qc8 29. Qe3 h6 30. Ra1 Ra6 31. Rdc1 Rxc4 32. Rxc4 Qxc4 33. Rc1 Qa4 34. Rc3 Ra5 35. Qc1 Rd5 36. Qc2 Rd1+ 37. Kg2 Qa8+ 38. e4 Rd4 39. f3 Qa6 40. e5 dxe5 41. Bxf8 Kxf8 42. Rc6 Qa1 43. f4 exf4 44. gxf4 Qd1 45. Rc8+ Ke7 46. Qc5+ Kf6 47. Qe5+ Kg6 48. f5+ Kh7 49. fxe6 Qg4+ 50. Kf2 0-1

[Event "BL2-Ost 1011"]
[Site "Germany"]
[Date "2010.10.10"]
[Round "1.1"]
[White "Graf, Felix"]
[Black "Vavrak, Peter"]
[Result "0-1"]
[WhiteElo "2341"]
[BlackElo "2466"]
[PlyCount "46"]
[EventDate "2010.10.10"]
[EventType "team-tourn"]
[EventRounds "9"]
[EventCountry "GER"]
[SourceTitle "EXT 2012"]
[Source "ChessBase"]
[SourceDate "2011.11.24"]
[SourceVersion "1"]
[SourceVersionDate "2011.11.24"]
[SourceQuality "1"]
[WhiteTeam "Bayern Muenchen II"]
[BlackTeam "Muenchen Tarrasch"]
[WhiteTeamCountry "GER"]
[BlackTeamCountry "GER"]

1. d4 e6 2. c4 f5 3. g3 Nf6 4. Bg2 d5 5. Nh3 c6 6. Nd2 Bd6 7. 0-0 0-0 8. Qc2 b6 9. Nf3 Ba6 10. b3 Nbd7 11. Nf4 Re8 12. Rd1 Rc8 13. e3 Qe7 14. Bb2 c5 15. Nxe6 Qxe6 16. Ng5 Qe7 17. dxc5 Be5 18. c6 Rxc6 19. Rxd5 Rc5 20. Bxe5 Nxd5 21. Bxd5+ Rxd5 22. cxd5 Nxe5 23. Ne6 Bd3 0-1

[Event "SVK-ch op-A"]
[Site "Banska Stiavnica"]
[Date "2010.07.17"]
[Round "8"]
[White "Vavrak, Peter"]
[Black "Varga, David"]
[Result "1/2-1/2"]
[WhiteElo "2467"]
[BlackElo "2330"]
[PlyCount "162"]
[EventDate "2010.07.10"]
[EventType "swiss"]
[EventRounds "9"]
[EventCountry "SVK"]
[SourceTitle "CBM 137 Extra"]
[Source "ChessBase"]
[SourceDate "2010.09.01"]
[SourceVersion "1"]
[SourceVersionDate "2010.09.01"]
[SourceQuality "1"]

1. d4 Nf6 2. c4 g6 3. g3 Bg7 4. Bg2 0-0 5. Nc3 d6 6. Nf3 Nc6 7. d5 Na5 8. Nd2 c5 9. a3 Ng4 10. Qc2 Bf5 11. e4 Bd7 12. h3 Ne5 13. b3 f5 14. f4 Nf7 15. Bb2 Rc8 16. 0-0 e5 17. exf5 Bxf5 18. Nce4 h5 19. Rae1 b5 20. Bc3 b4 21. Bb2 Nb7 22. Qd1 Qd7 23. Nf2 exf4 24. Bxg7 fxg3 25. Bxf8 gxf2+ 26. Rxf2 Rxf8 27. Nf3 Bxh3 28. Nh4 Ne5 29. Rxf8+ Kxf8 30. Nxg6+ Nxg6 31. Qxh5 Bxg2 32. Qh6+ Qg7 33. Re8+ Kf7 34. Qxg7+ Kxg7 35. Rb8 Bxd5 36. cxd5 Na5 37. axb4 Nxb3 38. Rb7+ Kf6 39. bxc5 Nxc5 40. Rxa7 Nf4 41. Rc7 Ne4 42. Rc6 Ke5 43. Ra6 Ne2+ 44. Kg2 Nd4 45. Kh3 Nc2 46. Kg4 Nf6+ 47. Kg5 Nd7 48. Rxd6 Kxd6 49. Kf4 Kc5 50. d6 Kd5 51. Kf5 Ne3+ 52. Kf4 Kd4 53. Kf3 Kd3 54. Kf4 Nc4 55. Kf5 Ke3 56. Ke6 Nce5 57. Kd5 Kd3 58. Ke6 Ke4 59. Ke7 Kd5 60. Kd8 Kc6 61. Ke7 Kd5 62. Kd8 Ke6 63. Kc7 Nf3 64. Kc6 Nd4+ 65. Kc7 Nb5+ 66. Kc6 Nc3 67. Kc7 Na4 68. Kc6 Nac5 69. Kc7 Na6+ 70. Kc6 Nab8+ 71. Kc7 Kf7 72. Kd8 Kf8 73. Kc8 Ke8 74. Kc7 Kf8 75. Kd8 Kf7 76. Kc8 Kf6 77. Kb7 Ke6 78. Kc7 Na6+ 79. Kc6 Nac5 80. Kc7 Kd5 81. Kd8 Kxd6 1/2-1/2

[Event "SVK-ch op-A"]
[Site "Banska Stiavnica"]
[Date "2010.07.13"]
[Round "4"]
[White "Vavrak, Peter"]
[Black "Gleizerov, Evgeny"]
[Result "1-0"]
[WhiteElo "2467"]
[BlackElo "2573"]
[PlyCount "61"]
[EventDate "2010.07.10"]
[EventType "swiss"]
[EventRounds "9"]
[EventCountry "SVK"]
[SourceTitle "CBM 137 Extra"]
[Source "ChessBase"]
[SourceDate "2010.09.01"]
[SourceVersion "1"]
[SourceVersionDate "2010.09.01"]
[SourceQuality "1"]

1. d4 e6 2. c4 f5 3. Nc3 Nf6 4. e3 d6 5. Qc2 e5 6. f3 g6 7. Bd3 Bg7 8. Nge2 0-0 9. Bd2 Nc6 10. a3 exd4 11. exd4 Nh5 12. 0-0-0 Nxd4 13. Nxd4 Bxd4 14. Rhe1 Bg7 15. c5 Kh8 16. Bc4 Bd7 17. Kb1 Qh4 18. Nd5 dxc5 19. Bc3 Rae8 20. Rxe8 Bxe8 21. g3 Qd8 22. Nf6 Qe7 23. Re1 Qxe1+ 24. Bxe1 Nxf6 25. Qd2 Bc6 26. Qa5 Bxf3 27. Bc3 Be4+ 28. Ka1 Nd5 29. Bxd5 b6 30. Bxg7+ Kxg7 31. Qc3+ 1-0

[Event "SVK-ch op-A"]
[Site "Banska Stiavnica"]
[Date "2010.07.12"]
[Round "3"]
[White "Repka, Christopher"]
[Black "Vavrak, Peter"]
[Result "0-1"]
[WhiteElo "2003"]
[BlackElo "2467"]
[PlyCount "90"]
[EventDate "2010.07.10"]
[EventType "swiss"]
[EventRounds "9"]
[EventCountry "SVK"]
[SourceTitle "CBM 137 Extra"]
[Source "ChessBase"]
[SourceDate "2010.09.01"]
[SourceVersion "1"]
[SourceVersionDate "2010.09.01"]
[SourceQuality "1"]

1. Nf3 g6 2. d4 Bg7 3. e4 d6 4. Bd3 c5 5. c3 Nc6 6. Be3 cxd4 7. cxd4 Bg4 8. Bb5 Qb6 9. Nc3 a6 10. Nd5 Qa5+ 11. b4 Qd8 12. Ba4 b5 13. Bb3 e6 14. Nf4 Bxf3 15. gxf3 Qf6 16. Rc1 Nxd4 17. Bxd4 Qxd4 18. Qxd4 Bxd4 19. 0-0 g5 20. Nd3 Ne7 21. Rc7 Ra7 22. Rfc1 Rxc7 23. Rxc7 Kd8 24. Rb7 Re8 25. Rb8+ Nc8 26. Rb7 Ne7 27. Rb8+ Nc8 28. Rb7 Re7 29. Rxe7 Nxe7 30. f4 gxf4 31. Nxf4 Bb2 32. Nd3 Ba3 33. e5 d5 34. Nc5 a5 35. Nb7+ Kc7 36. Nd6 Bxb4 37. Nxb5+ Kb6 38. Nd4 Bc3 39. Nf3 h6 40. Bc2 Kc5 41. Kf1 Kb4 42. Ke2 Ka3 43. Kd3 Ba1 44. Bb3 Nc6 45. Ne1 Nb4+ 0-1

[Event "SVK-ch op-A"]
[Site "Banska Stiavnica"]
[Date "2010.07.11"]
[Round "2"]
[White "Vavrak, Peter"]
[Black "Pacher, Milan"]
[Result "1-0"]
[WhiteElo "2467"]
[BlackElo "2417"]
[PlyCount "73"]
[EventDate "2010.07.10"]
[EventType "swiss"]
[EventRounds "9"]
[EventCountry "SVK"]
[SourceTitle "CBM 137 Extra"]
[Source "ChessBase"]
[SourceDate "2010.09.01"]
[SourceVersion "1"]
[SourceVersionDate "2010.09.01"]
[SourceQuality "1"]

1. d4 d5 2. c4 c6 3. Nf3 Nf6 4. e3 Bg4 5. h3 Bh5 6. cxd5 cxd5 7. Qa4+ Nfd7 8. Qb3 Qc8 9. Nc3 e6 10. g4 Bg6 11. Nh4 Nc6 12. Nxg6 hxg6 13. Bg2 a6 14. 0-0 Bd6 15. Rd1 0-0 16. e4 dxe4 17. Nxe4 Bb8 18. Bg5 Qc7 19. Rac1 Qh2+ 20. Kf1 Ra7 21. Rc3 Bf4 22. Bh4 e5 23. dxe5 Ndxe5 24. f3 Kh8 25. Bf2 f5 26. gxf5 gxf5 27. Bg1 fxe4 28. Bxh2 Bxh2 29. Re3 b5 30. Rxe4 Raf7 31. Rh4+ Kg8 32. f4 Na5 33. Qe6 Nac4 34. Bd5 g5 35. Ke2 gxf4 36. Rg4+ Nxg4 37. Qxg4+ 1-0

[Event "BL2-Ost 0910"]
[Site "Germany"]
[Date "2010.04.11"]
[Round "9.1"]
[White "Prusikin, Michael"]
[Black "Vavrak, Peter"]
[Result "0-1"]
[WhiteElo "2534"]
[BlackElo "2475"]
[PlyCount "39"]
[EventDate "2009.10.18"]
[EventType "team-tourn"]
[EventRounds "9"]
[EventCountry "GER"]
[SourceTitle "EXT 2011"]
[Source "ChessBase"]
[SourceDate "2010.11.26"]
[SourceVersion "1"]
[SourceVersionDate "2010.11.26"]
[SourceQuality "1"]
[WhiteTeam "Forchheim"]
[BlackTeam "Muenchen Tarrasch"]
[WhiteTeamCountry "GER"]
[BlackTeamCountry "GER"]

1. d4 d5 2. c4 e6 3. Nf3 c6 4. e3 Bd6 5. Bd3 f5 6. 0-0 Qf6 7. b3 Ne7 8. Ba3 Bxa3 9. Nxa3 Nd7 10. Qc2 0-0 11. cxd5 exd5 12. Nb1 Qh6 13. Nc3 Nf6 14. Rfe1 Be6 15. b4 Rae8 16. b5 Nc8 17. bxc6 bxc6 18. Ne2 Ne4 19. Ne5 Ncd6 20. f4 0-1

[Event "AUT-chT 0910"]
[Site "Austria"]
[Date "2010.03.30"]
[Round "11.2"]
[White "Vavrak, Peter"]
[Black "Schneider, Ilja"]
[Result "0-1"]
[WhiteElo "2470"]
[BlackElo "2497"]
[PlyCount "88"]
[EventDate "2009.11.06"]
[EventType "team-tourn"]
[EventRounds "11"]
[EventCountry "AUT"]
[SourceTitle "EXT 2011"]
[Source "ChessBase"]
[SourceDate "2010.11.26"]
[SourceVersion "1"]
[SourceVersionDate "2010.11.26"]
[SourceQuality "1"]
[WhiteTeam "Lackenbach"]
[BlackTeam "Wulkaprodersdorf"]
[WhiteTeamCountry "AUT"]
[BlackTeamCountry "AUT"]

1. c4 Nf6 2. Nc3 c5 3. g3 d5 4. cxd5 Nxd5 5. Nxd5 Qxd5 6. Nf3 b6 7. Bg2 Bb7 8. 0-0 e6 9. d3 Be7 10. Be3 0-0 11. Qd2 Nc6 12. Rfc1 Rac8 13. Qd1 Bf6 14. Rc2 Rfd8 15. Qf1 Nb4 16. Rd2 Qh5 17. a3 Nxd3 18. Rb1 Ne5 19. Nxe5 Bxg2 20. Qxg2 Rxd2 21. Bxd2 Qxe5 22. Bc3 Qxe2 23. Qb7 Rd8 24. Qxa7 Qc2 25. Rf1 Bxc3 26. bxc3 Qb3 27. Qc7 Ra8 28. Qc6 Rd8 29. Qc7 Rf8 30. a4 h6 31. Ra1 Ra8 32. Qc6 Rd8 33. c4 g6 34. h4 h5 35. Kg2 Rd2 36. a5 Qb2 37. Rf1 bxa5 38. Qxc5 a4 39. Qa7 a3 40. c5 a2 41. c6 Qc3 42. Qa8+ Kg7 43. Qa4 Rc2 44. Ra1 Qc5 0-1

[Event "AUT-chT 0910"]
[Site "Austria"]
[Date "2010.03.29"]
[Round "10.2"]
[White "Vitouch, Anatol"]
[Black "Vavrak, Peter"]
[Result "0-1"]
[WhiteElo "2288"]
[BlackElo "2470"]
[PlyCount "80"]
[EventDate "2009.11.06"]
[EventType "team-tourn"]
[EventRounds "11"]
[EventCountry "AUT"]
[SourceTitle "EXT 2011"]
[Source "ChessBase"]
[SourceDate "2010.11.26"]
[SourceVersion "1"]
[SourceVersionDate "2010.11.26"]
[SourceQuality "1"]
[WhiteTeam "Pamhagen"]
[BlackTeam "Lackenbach"]
[WhiteTeamCountry "AUT"]
[BlackTeamCountry "AUT"]

1. Nf3 c5 2. g3 Nc6 3. c4 g6 4. Bg2 Bg7 5. Nc3 e6 6. d3 Nge7 7. Bg5 h6 8. Bd2 d5 9. 0-0 0-0 10. a3 b6 11. Rb1 a5 12. Qc1 Kh7 13. Nb5 Ba6 14. b3 Rc8 15. Bc3 e5 16. Qb2 d4 17. Bd2 Qd7 18. Qc1 f5 19. Ne1 Nd8 20. a4 Bb7 21. e4 dxe3 22. Bxe3 f4 23. gxf4 Nf5 24. Bxb7 Nxb7 25. Ng2 Rce8 26. Qd1 Nd8 27. Qg4 Ne6 28. Rbd1 exf4 29. Bxf4 Nfd4 30. Rde1 h5 31. Qh3 Qc6 32. Nxd4 Nxd4 33. Rxe8 Qxe8 34. Re1 Qc6 35. Re4 Nxb3 36. Be3 Qxa4 37. Nf4 Nd4 38. Bxd4 Bxd4 39. Nxh5 Qd1+ 40. Kg2 Rxf2+ 0-1

[Event "CZE-chT 0910"]
[Site "Czech Republic"]
[Date "2010.02.14"]
[Round "7.2"]
[White "Vavrak, Peter"]
[Black "Votava, Jan"]
[Result "0-1"]
[WhiteElo "2470"]
[BlackElo "2561"]
[PlyCount "94"]
[EventDate "2009.11.07"]
[EventType "team-tourn"]
[EventRounds "11"]
[EventCountry "CZE"]
[SourceTitle "CBM 135 Extra"]
[Source "ChessBase"]
[SourceDate "2010.05.04"]
[SourceVersion "1"]
[SourceVersionDate "2010.05.04"]
[SourceQuality "1"]
[WhiteTeam "Zlin"]
[BlackTeam "Pardubice"]
[WhiteTeamCountry "CZE"]
[BlackTeamCountry "CZE"]

1. d4 Nf6 2. c4 g6 3. Nf3 Bg7 4. g3 0-0 5. Bg2 d6 6. 0-0 Nc6 7. d5 Na5 8. Nfd2 c5 9. Nc3 e5 10. Qc2 h5 11. b3 h4 12. Re1 hxg3 13. hxg3 Nh5 14. a3 b6 15. b4 Nb7 16. Nde4 f5 17. Ng5 e4 18. Nh3 Qf6 19. Bb2 e3 20. Nd1 exf2+ 21. Kxf2 Qe7 22. e3 g5 23. Rh1 Nf6 24. Kg1 Ng4 25. Bxg7 Qxg7 26. Qc3 Ne5 27. Ra2 Bd7 28. b5 Na5 29. Bf1 Rae8 30. Rf2 Re7 31. Be2 Nexc4 32. Nxg5 Qxc3 33. Nxc3 Rxe3 34. Rfh2 Rxg3+ 35. Kf2 Rxg5 36. Rh8+ Kf7 37. R1h7+ Ke8 38. Rxf8+ Kxf8 39. Rxd7 Rg7 40. Rd8+ Ke7 41. Rh8 Kf6 42. Bf3 Ne5 43. Ne2 Nxf3 44. Kxf3 Nc4 45. Rf8+ Rf7 46. Rd8 Ke5 47. Nf4 Kd4 0-1

[Event "SVK-chT 0910"]
[Site "Slovakia"]
[Date "2010.01.24"]
[Round "6"]
[White "Vavrak, Peter"]
[Black "Jurcik, Martin"]
[Result "1-0"]
[WhiteElo "2475"]
[BlackElo "2344"]
[PlyCount "109"]
[EventDate "2009.10.24"]
[EventType "team-tourn"]
[EventRounds "11"]
[EventCountry "SVK"]
[SourceTitle "EXT 2019"]
[Source "ChessBase"]
[SourceDate "2018.10.10"]
[SourceVersion "1"]
[SourceVersionDate "2018.10.10"]
[SourceQuality "1"]
[WhiteTeam "Bratislava Slovan"]
[BlackTeam "Cadca"]
[WhiteTeamCountry "SVK"]
[BlackTeamCountry "SVK"]

1. d4 Nf6 2. c4 e6 3. Nf3 Bb4+ 4. Nbd2 d6 5. Qb3 Bxd2+ 6. Bxd2 Nbd7 7. g3 b6 8. Bg2 Bb7 9. 0-0 0-0 10. Rfd1 Qe7 11. Rac1 Be4 12. Qe3 Rfd8 13. b4 c5 14. Bc3 Rac8 15. dxc5 bxc5 16. b5 d5 17. Bxf6 Qxf6 18. a4 Qb2 19. cxd5 Bxd5 20. Ng5 h6 21. Ne4 Bxe4 22. Bxe4 Qb4 23. Bb7 Rb8 24. Bc6 Nb6 25. Rxd8+ Rxd8 26. Qxc5 Rd1+ 27. Kg2 Qxc5 28. Rxc5 Nxa4 29. Rc2 Ra1 30. Bb7 Nb6 31. Rc7 Nd5 32. Rc8+ Kh7 33. e4 Nb4 34. Rc4 Rb1 35. Rc7 Kg8 36. Ba6 Nxa6 37. bxa6 Ra1 38. Rxa7 Ra3 39. h4 h5 40. Kf1 Ra2 41. Ke1 e5 42. Kd1 Rxf2 43. Re7 Ra2 44. a7 Kh7 45. Rxf7 Kg6 46. Rb7 Kf6 47. Kc1 g5 48. Kb1 Ra5 49. Kb2 gxh4 50. gxh4 Ke6 51. Kb3 Kd6 52. Kb4 Ra1 53. Rh7 Rb1+ 54. Kc4 Rc1+ 55. Kb5 1-0

[Event "SVK-chT 0910"]
[Site "Slovakia"]
[Date "2009.11.28"]
[Round "3"]
[White "Polak, Tomas"]
[Black "Vavrak, Peter"]
[Result "0-1"]
[WhiteElo "2507"]
[BlackElo "2475"]
[PlyCount "76"]
[EventDate "2009.10.24"]
[EventType "team-tourn"]
[EventRounds "11"]
[EventCountry "SVK"]
[SourceTitle "EXT 2019"]
[Source "ChessBase"]
[SourceDate "2018.10.10"]
[SourceVersion "1"]
[SourceVersionDate "2018.10.10"]
[SourceQuality "1"]
[WhiteTeam "Prievidza"]
[BlackTeam "Bratislava Slovan"]
[WhiteTeamCountry "SVK"]
[BlackTeamCountry "SVK"]

1. d4 e6 2. c4 Nf6 3. Nf3 b6 4. g3 Ba6 5. b3 Bb4+ 6. Bd2 Be7 7. Nc3 0-0 8. Rc1 Ba3 9. Rc2 Bb7 10. Bg2 Ne4 11. 0-0 Nxc3 12. Rxc3 a5 13. Qb1 f5 14. d5 Na6 15. Be3 Qe8 16. Nd4 Qg6 17. Nb5 Bb4 18. Rcc1 e5 19. a3 Bd6 20. b4 axb4 21. axb4 e4 22. Nxd6 Qxd6 23. b5 Nc5 24. Bf4 Qf6 25. Bxc7 Na4 26. Qb4 Rfc8 27. d6 f4 28. gxf4 Rf8 29. Kh1 Qxf4 30. Ra1 Rf5 31. e3 Qh4 32. Rxa4 Raf8 33. c5 Rh5 34. h3 Rf3 35. Qc4+ Kf8 36. Kg1 Rxh3 37. f4 Rh1+ 38. Bxh1 Qh2# 0-1

[Event "Mitropa Cup 28th"]
[Site "Rogaska Slatina"]
[Date "2009.05.17"]
[Round "9"]
[White "Vavrak, Peter"]
[Black "Erdos, Viktor"]
[Result "0-1"]
[WhiteElo "2487"]
[BlackElo "2581"]
[PlyCount "66"]
[EventDate "2009.05.09"]
[EventType "team-tourn"]
[EventRounds "9"]
[EventCountry "SLO"]
[SourceTitle "CBM 130 Extra"]
[Source "ChessBase"]
[SourceDate "2009.07.02"]
[SourceVersion "2"]
[SourceVersionDate "2009.07.15"]
[SourceQuality "1"]
[WhiteTeam "Slovakia"]
[BlackTeam "Hungary"]
[WhiteTeamCountry "SVK"]
[BlackTeamCountry "HUN"]

1. d4 Nf6 2. c4 e6 3. Nf3 c5 4. e3 a6 5. Nc3 d5 6. a3 dxc4 7. Bxc4 b5 8. Ba2 Bb7 9. 0-0 Nbd7 10. Qe2 Qb8 11. Rd1 Bd6 12. dxc5 Nxc5 13. h3 0-0 14. b4 Ncd7 15. Bb2 Ne5 16. Nxe5 Bxe5 17. Rac1 Rc8 18. Bb1 Bc6 19. f4 Bd6 20. g4 h6 21. g5 hxg5 22. fxg5 Bxb4 23. axb4 Qg3+ 24. Kf1 Bf3 25. gxf6 Bxe2+ 26. Nxe2 Rxc1 27. Rxc1 Qxe3 28. fxg7 Rd8 29. Bc3 e5 30. Ke1 Qf3 31. Bxe5 Re8 32. Rc5 Qh1+ 33. Kf2 Rxe5 0-1